Statistics for Seagulls! (Stop It Now) Lyrics Quiz

Click here to take the quiz!

General Stats

  • This quiz has been taken 6 times
  • The average score is 227 of 322

Answer Stats

Answer% Correct
a
100%
an
100%
and
100%
And
100%
do
100%
I
100%
it
100%
now
100%
now!"
100%
Now
100%
"seagulls!
100%
seagulls
100%
(Stop
100%
stop
100%
Stop
100%
But
80%
but
80%
by
80%
Don't
80%
fun!
80%
head
80%
hit
80%
If
80%
in
80%
is
80%
Like
80%
like
80%
me
80%
me!)
80%
my
80%
Oh
80%
on
80%
Said
80%
said
80%
see
80%
some
80%
The
80%
the
80%
then
80%
Then
80%
they
80%
this
80%
to
80%
was
80%
when
80%
When
80%
apology)
60%
are
60%
at
60%
attacked
60%
backpack
60%
banging)
60%
basket)
60%
be
60%
beach
60%
beater
60%
big
60%
birds
60%
bite
60%
boogie
60%
boulder
60%
breath
60%
can
60%
child!"
60%
climb
60%
coconut
60%
"come
60%
come
60%
(Come
60%
Could
60%
could
60%
dance
60%
day
60%
did
60%
Down
60%
down
60%
face
60%
feet
60%
fell
60%
fish
60%
forgot
60%
found
60%
from?
60%
from
60%
get
60%
giant
60%
gift
60%
goin'
60%
gonna
60%
good
60%
Got
60%
grab
60%
groove
60%
hacky
60%
Had
60%
had
60%
hairy
60%
hand
60%
help
60%
Hey
60%
hold
60%
I'm
60%
jump!
60%
jump
60%
Just
60%
kids
60%
knees
60%
laughing
60%
Let
60%
lift
60%
little
60%
log
60%
love
60%
lying
60%
man,
60%
moves
60%
neck
60%
not!
60%
not
60%
older
60%
Out
60%
outrun
60%
over
60%
owe
60%
Please
60%
please!
60%
please!"
60%
poke
60%
put
60%
Put
60%
quit
60%
right,
60%
Rockin'
60%
rockin'
60%
Rocks
60%
rolled
60%
rollin'
60%
run,
60%
run
60%
Run,
60%
sack
60%
Screaming
60%
Show
60%
Someday
60%
special
60%
Stand
60%
stank?
60%
start
60%
stick
60%
stroll
60%
strollin'
60%
Swing
60%
that
60%
"That
60%
That's
60%
there
60%
these
60%
those
60%
time
60%
told
60%
tried
60%
vine
60%
walking
60%
what's
60%
Where'd
60%
while
60%
While
60%
with
60%
yeah!
60%
Yeah
60%
yell
60%
(You
60%
you
60%
You
60%
your
60%
(You're
60%
you're
60%
birds'll
40%
boy
40%
breathe
40%
Everyone
40%
have
40%
Listen,
40%
Mmgh!
40%
Nothin'
40%
one
40%
One
40%
psycho
40%
tiny
40%
underneath
40%
wiener!)
40%

Score Distribution

Percentile by Number Answered

Percent of People with Each Score

Your Score History

You have not taken this quiz